Capitales des pays 197 à 204 - Statistiques

Statistiques générales
  • Ce quiz a été pris 40 fois
  • Le résultat moyen est 3 sur 8
Statistiques - réponses
pays capitale % Correct
Palestine J{erusalem} ou R{amallah}
89%
Groenland N{uuk}
67%
Aruba O{ranjestad}
36%
Îles Féroé T{orshavn}
31%
Curaçao W{illemstad}
31%
Niue A{lofi}
25%
Îles Cook A{varua}
25%
Sint Maarten P{hilipsburg}
17%
Aucun quiz correspondant
Distribution des résultats
% des personnes avec chaque résultat
Percentile par nombre de réponses
Votre historique - résultats
Vous n’avez pas pris ce quiz